000 00718nab a2200217u 4500
001 21275
003 HDC
007 c| |||a|c|aaaa
008 210305b20091219my ||||o |||| 00| 0 eng d
040 _aHDC
245 0 _aCharles City corporation receives $56,800 grant
336 _atext
_2rdacontent
337 _acomputer
_2rdamedia
338 _aonline resource
_2rdacarrier
650 _aCustom Poultry Processing plans
_918865
650 _aprivate label processing
_918866
856 _zRequest full-text at [email protected]
942 _2lcc
942 _cNEWS
942 _kNWS0 004922
999 _c18591
_d18591